Visual arts and research methodology (Record no. 394777)

MARC details
000 -LEADER
fixed length control field 00475 a2200181 4500
005 - DATE & TIME
control field 20260210111509.0
008 - FIXED-LENGTH DATA ELEMENTS--GENERAL INFORMATION
fixed length control field 260210b |||||||| |||| 00| 0 eng d
020 ## - ISBN
International Standard Book Number 9789351711674
Price Rs. 1750.00
040 ## - CATALOGING SOURCE
Original cataloging agency VIVEKANANDA LIBRARY
082 ## - DDC NUMBER
Classification number 707.072
Book Number J78V
100 ## - MAIN ENTRY--PERSONAL NAME
Personal name Joshi, Shekhar Chandra
245 ## - TITLE STATEMENT
Title Visual arts and research methodology
260 ## - PUBLICATION, DISTRIBUTION, ETC. (IMPRINT)
Name of publisher, distributor, etc Research India Press
Date of publication, distribution, etc 2022
Place of publication, distribution, etc Delhi
300 ## - PHYSICAL DESCRIPTION
Pages ix, 363
650 ## - Subject
Subject Visual Art
650 ## - Subject
Subject Art- Research
942 ## - ADDED ENTRY ELEMENTS (KOHA)
Koha item type Books
Holdings
Withdrawn status Lost status Source of classification or shelving scheme Damaged status Not for loan Location (home branch) Sublocation or collection (holding branch) Shelving location Date acquired Koha issues (times borrowed) Koha full call number Accession No. Koha date last seen Koha item type
    Dewey Decimal Classification     VIVEKANANDA LIBRARY VIVEKANANDA LIBRARY Vivekananda Library 27/01/2026   707.072 J78V 444303 27/01/2026 Books
© Designed and Maintained by Vivekananda Library, MDU Rohtak